Viaje a la protección materna e infantil: Prácticas culturales del cuidado materno y reflexión sobre un grupo de discusión (notice n° 1516252)
[ vue normale ]
| 000 -LEADER | |
|---|---|
| fixed length control field | 01599cam a2200181 4500500 |
| 005 - DATE AND TIME OF LATEST TRANSACTION | |
| control field | 20251012004959.0 |
| 041 ## - LANGUAGE CODE | |
| Language code of text/sound track or separate title | fre |
| 042 ## - AUTHENTICATION CODE | |
| Authentication code | dc |
| 100 10 - MAIN ENTRY--PERSONAL NAME | |
| Personal name | Calas-Leroux, Viviane |
| Relator term | author |
| 245 00 - TITLE STATEMENT | |
| Title | Viaje a la protección materna e infantil: Prácticas culturales del cuidado materno y reflexión sobre un grupo de discusión |
| 260 ## - PUBLICATION, DISTRIBUTION, ETC. | |
| Date of publication, distribution, etc. | 2024.<br/> |
| 500 ## - GENERAL NOTE | |
| General note | 22 |
| 520 ## - SUMMARY, ETC. | |
| Summary, etc. | En el ámbito transcultural de la investigación sobre la maternidad en el exilio, este artículo analiza la creación, en un centro de protección materna e infantil, de un grupo de discusión para madres de diferentes orígenes y sus bebés. Destaca las ventajas, para estas mujeres que se convierten en madres en situación de migración, de basar la aparición de su función materna en prácticas culturales propias de la actividad de maternar. En consecuencia, la oportunidad de construir a partir de sus propias experiencias, en el marco colectivo del compartir con un grupo compuesto por madres, permite luchar contra una soledad que vulnerabiliza y cruzar los cuidados prestados a los bebés gracias a las decisiones individuales que se harán entre los modos de hacer del país de origen y del país de acogida. Así, este tipo de enfoque preventivo permite acompañar a las madres y apoyar las interacciones entre padres e hijos. |
| 700 10 - ADDED ENTRY--PERSONAL NAME | |
| Personal name | Abdelhak, Mohand Ameziane |
| Relator term | author |
| 700 10 - ADDED ENTRY--PERSONAL NAME | |
| Personal name | Moro, Marie Rose |
| Relator term | author |
| 786 0# - DATA SOURCE ENTRY | |
| Note | Enfances & Psy | 101 | 3 | 2024-09-25 | p. 173-186 | 1286-5559 |
| 856 41 - ELECTRONIC LOCATION AND ACCESS | |
| Uniform Resource Identifier | <a href="https://shs.cairn.info/revista-enfances-psy-2024-3-page-173?lang=es&redirect-ssocas=7080">https://shs.cairn.info/revista-enfances-psy-2024-3-page-173?lang=es&redirect-ssocas=7080</a> |
Pas d'exemplaire disponible.




Réseaux sociaux